| 000 | 03867cam a22006374i 4500 | ||
|---|---|---|---|
| 003 | PE-LiUPU | ||
| 005 | 20250731165616.0 | ||
| 008 | 150706s2009 pe r 000 0 d | ||
| 020 | _a9789972388590 | ||
| 035 | _a(Sirsi) i9789972388590 | ||
| 040 |
_aPE-LiUPU _bspa _cPE-LiUPU _erda |
||
| 049 | _aPRUA | ||
| 082 | 0 | 4 |
_a001.42 _bC22 _221 |
| 082 | 0 | 4 |
_a001.42 _bC24 |
| 100 | 1 |
_aCampos Dávila, José, _eautor. |
|
| 245 | 1 | 0 |
_aConstructos teóricos y prácticos para la elaboración de una tesis de maestría y doctorado / _cJosé Campos Dávila, Roberto Marroquín Peña, Rubén Flores Rosas y Raúl Delgado Arenas. |
| 264 | 1 |
_aLima : _bSan Marcos, _c2009. |
|
| 300 |
_a664 páginas : _bilustraciones ; _c24 cm. |
||
| 336 |
_atext _2rdacontent |
||
| 337 |
_aunmediated _2rdamedia |
||
| 338 |
_avolume _2rdacarrier |
||
| 500 | _aUna esperiencia innovadora en la escuela de Posgrado de la Universidad Nacional de Educación Enrique Guzmán y Valle - La Cantuta --en cubierta. | ||
| 505 | 0 | _aLa educación: fuente del conocimiento científico -- Fundamentos de la educación científica -- Finalidad o alcances de la investigación científica -- El proyecto de investigación -- El proceso de investigación -- Función de las hipótesis en la investigación científica -- Protocolo de la investigación científica: una propuesta en la escuela de postgrado de la universidad nacional de Educación Enrique Guzmán y Valle -- Resumen de las tesis de maestría y doctorado: una experiencia en la escuela de posgrado en la UNE -- Resumen de las tesis de maestría 2007-2008 -- Resumen de las tesis doctorales 1972-2008 -- Catálogo de graduandos de doctorado y maestría de la escuela de postgrado (1973-2007). | |
| 526 | _aSEG44 | ||
| 526 | _aSEG26 | ||
| 526 | _aP151 | ||
| 526 | _aP150 | ||
| 526 | _aP149 | ||
| 526 | _aP146 | ||
| 526 | _aP145 | ||
| 526 | _aP126 | ||
| 526 | _aP125 | ||
| 526 | _aP92 | ||
| 526 | _aP75 | ||
| 526 | _aP74 | ||
| 526 | _aP27 | ||
| 526 | _aP15 | ||
| 541 | _g001-000063; | ||
| 541 | _g001-000063; | ||
| 541 | _g001-000063; | ||
| 650 | 0 | 4 |
_aInvestigación _xProyectos de Investigación. |
| 910 |
_agl _cng _d20131007 |
||
| 910 |
_atqv _bwelc _cwelc _d20160706 |
||
| 942 |
_2ddc _cBOOK |
||
| 949 |
_a001.42 C22 _wDEWEY _c1 _i68546 _lCCODEBUL1 _mBUL _p22.00 _r0 _sY _tBOOK _u2015-7-6 _xFCE _PP04 _o.STAFF. Colección General |
||
| 949 |
_a001.42 C22 _wDEWEY _c2 _i68547 _lCCODEBUL1 _mBUL _p22.00 _r0 _sY _tBOOK _u2015-7-6 _xFCE _PP04 _o.STAFF. Colección General |
||
| 949 |
_a001.42 C22 _wDEWEY _c3 _i68548 _lCCODEBUL1 _mBUL _p22.00 _r0 _sY _tBOOK _u2015-7-6 _xFCE _PP04 _o.STAFF. Colección General |
||
| 949 |
_a001.42 C24 2009 _wDEWEY _c1 _iFJ00694 _lCCODEBUJ1 _mBUJ _p22.00 _r0 _sY _tBOOK _u2016-07-06 _xFCE _zFIA _0COMPRA _o.STAFF. Colección General Juliaca |
||
| 994 |
_aC0 _bPEPRU |
||
| 596 | _a1 3 | ||
| 999 |
_a001.42 C22 _wDEWEY _c55898 _i68546 _d55898 _e2017-8-20 _f2021-11-4 _g7 _lCCODEBUL1 _mBUL _n2 _p22.00 _r0 _sY _tBOOK _u2015-7-6 _xBIBLIOTECA _PP04 _0COMPRA _o.STAFF. Colección General |
||
| 999 |
_a001.42 C22 _wDEWEY _c2 _i68547 _d2017-4-28 _e2017-4-20 _f2021-11-4 _g6 _lCCODEBUL1 _mBUL _n5 _p22.00 _r0 _sY _tBOOK _u2015-7-6 _xBIBLIOTECA _PP04 _0COMPRA _o.STAFF. Colección General |
||
| 999 |
_a001.42 C22 _wDEWEY _c3 _i68548 _d2015-10-14 _e2015-10-11 _f2021-11-4 _g6 _lCCODEBUL1 _mBUL _n3 _p22.00 _r0 _sY _tBOOK _u2015-7-6 _xBIBLIOTECA _PP04 _0COMPRA _o.STAFF. Colección General |
||
| 999 |
_a001.42 C24 _wDEWEY _c1 _iFJ00694 _d2018-3-13 _e2018-3-12 _f2021-12-27 _g4 _lCCODEBUJ1 _mBUJ _n1 _p22.00 _r0 _sY _tBOOK _u2016-7-6 _xFCE _PP08 _0COMPRA _o.STAFF. Colección General Juliaca |
||
| 980 |
_81 _gALBERTO SANCHEZ Responsable de Automatización |
||